| 000 | 00469nam a22001577a 4500 | ||
|---|---|---|---|
| 008 | 171005b xxu||||| |||| 00| 0 spa d | ||
| 020 | _a978-987-22045-5-6 | ||
| 082 | 1 | 4 |
_214 _a363.46 |
| 100 | 1 |
_95084 _aDeza, Soledad |
|
| 245 | 1 | 1 |
_a¿Cómo hacerse un aborto en hospital y no morir en el intento? / _cSoledad Deza. |
| 260 |
_aCórdoba : _bs.e., _c2015. |
||
| 300 | _a83 p. | ||
| 650 | 1 | 0 |
_93225 _aABORTO |
| 942 |
_2ddc _cLIBRO |
||
| 980 |
_81943 _gVALERIA BEATRIZ DOMÍNGUEZ |
||
| 999 |
_c3779 _d3779 |
||